[Event "Charlesbourg CC-ch"]
[Site "Charlesbourg CAN"]
[Date "2013.04.24"]
[Round "5"]
[White "Beaudoin, Stephane"]
[Black "Tremblay-Alix, Eric"]
[Result "1-0"]
[WhiteElo "2006"]
[BlackElo "1870"]
[PlyCount "99"]
[GameId "2160767909373014"]
[EventDate "2013.03.25"]
[EventType "tourn"]
[EventRounds "5"]
[EventCountry "CAN"]

1. e4 e5 2. Bc4 Nc6 3. Nf3 Nf6 4. d3 Bc5 5. O-O d6 6. c3 Bg4 7. Nbd2 O-O 8. Re1 a6 9. Nf1 Na5 10. Ng3 Nxc4 11. dxc4 Be6 12. Qe2 Ng4 13. Rf1 Qd7 14. h3 Nxf2 15. Rxf2 Bxf2+ 16. Kxf2 f5 17. exf5 Bxf5 18. Nxf5 Qxf5 19. Kg1 Rf6 20. Be3 Qh5 21. Re1 Rg6 22. Kh2 Rf8 23. Nd2 Qh4 24. Nf1 Qe4 25. Qd2 Qc6 26. Qd5+ Qxd5 27. cxd5 c6 28. Rd1 Rd8 29. Ng3 Rd7 30. dxc6 bxc6 31. Ne4 d5 32. Nc5 Ra7 33. a4 Ra8 34. Nd3 Re8 35. Re1 Rf6 36. Nc5 Kf7 37. Re2 d4 38. Bf2 Rd6 39. Ne4 Rd5 40. c4 Rdd8 41. c5 d3 42. Rd2 Ke6 43. Nd6 Rxd6 44. cxd6 e4 45. Bg3 Rb8 46. Kg1 Rb4 47. Kf2 Rxa4 48. Ke3 Rb4 49. Rf2 d2 50. Rxd2 1-0

[Event "Charlesbourg Capablanca"]
[Site "Charlesbourg CAN"]
[Date "2013.01.07"]
[Round "1"]
[White "Bahadi, Khalid"]
[Black "Lapierre, Gaetan"]
[Result "1-0"]
[WhiteElo "1992"]
[BlackElo "1738"]
[PlyCount "83"]
[GameId "2160767909410941"]
[EventDate "2013.01.07"]
[EventType "swiss"]
[EventRounds "4"]
[EventCountry "CAN"]
[SourceTitle "EXT 2022"]
[Source "ChessBase"]
[SourceDate "2021.10.06"]
[SourceVersion "1"]
[SourceVersionDate "2021.10.06"]
[SourceQuality "1"]

1. c4 Nf6 2. Nc3 g6 3. g3 Bg7 4. Bg2 O-O 5. d4 d6 6. Nf3 c5 7. O-O cxd4 8. Nxd4 Qc7 9. Qd3 a6 10. b4 Nc6 11. Nxc6 bxc6 12. b5 Bb7 13. Rb1 Rfc8 14. b6 Qd8 15. a4 a5 16. Nb5 Nd7 17. Na7 Ne5 18. Qc2 Rxa7 19. bxa7 Ba6 20. Bb2 Qc7 21. Bd4 Nxc4 22. Bxg7 Kxg7 23. Qc3+ Kg8 24. Qd4 e5 25. Qg4 f5 26. Qg5 Kg7 27. Rfc1 Qxa7 28. e4 h6 29. Qh4 Nd2 30. Rb2 g5 31. Qh3 Qd4 32. Rbc2 Nb3 33. Re1 Qd3 34. Rb2 Qc3 35. Rbb1 Bd3 36. Re3 Qc2 37. Rbe1 Rf8 38. f4 Nd4 39. fxg5 hxg5 40. Qh5 f4 41. Qxg5+ Kh7 42. gxf4 1-0

[Event "Charlesbourg Capablanca"]
[Site "Charlesbourg CAN"]
[Date "2013.01.07"]
[Round "1"]
[White "Cote, Jocelyn"]
[Black "Lessard, Claude"]
[Result "0-1"]
[WhiteElo "1750"]
[BlackElo "2001"]
[PlyCount "80"]
[GameId "2160767909410942"]
[EventDate "2013.01.07"]
[EventType "swiss"]
[EventRounds "4"]
[EventCountry "CAN"]
[SourceTitle "EXT 2022"]
[Source "ChessBase"]
[SourceDate "2021.10.06"]
[SourceVersion "1"]
[SourceVersionDate "2021.10.06"]
[SourceQuality "1"]

1. e4 c6 2. b3 d5 3. exd5 cxd5 4. Bb2 Nc6 5. Nf3 Nf6 6. Be2 Bf5 7. h3 Qb6 8. O-O e6 9. d3 h6 10. Nbd2 Be7 11. a3 Bh7 12. Ra2 Rg8 13. c4 d4 14. b4 g5 15. c5 Qc7 16. Nxd4 Nxd4 17. Bxd4 Rd8 18. Qa1 Nd5 19. Be5 Qd7 20. Ne4 Bxe4 21. dxe4 Nf4 22. Bf3 Ng6 23. Rd1 Qc8 24. Bh2 Nf4 25. Rad2 Rxd2 26. Rxd2 Qc7 27. e5 Ng6 28. Qd4 Nh4 29. Be4 h5 30. g3 Ng6 31. g4 hxg4 32. hxg4 Nf4 33. Qe3 Kf8 34. Qf3 Qxe5 35. Bxf4 gxf4 36. Rd7 f5 37. Bxb7 Qe1+ 38. Kg2 Rxg4+ 39. Qxg4 fxg4 40. c6 Bh4 0-1

[Event "Charlesbourg Capablanca"]
[Site "Charlesbourg CAN"]
[Date "2013.01.07"]
[Round "1"]
[White "Doyon, Stephane"]
[Black "Beaudoin, Stephane"]
[Result "1/2-1/2"]
[WhiteElo "1753"]
[BlackElo "2011"]
[PlyCount "56"]
[GameId "2160767909410943"]
[EventDate "2013.01.07"]
[EventType "swiss"]
[EventRounds "4"]
[EventCountry "CAN"]
[SourceTitle "EXT 2022"]
[Source "ChessBase"]
[SourceDate "2021.10.06"]
[SourceVersion "1"]
[SourceVersionDate "2021.10.06"]
[SourceQuality "1"]

1. e4 g6 2. d4 Bg7 3. Nc3 d6 4. f4 Nf6 5. Nf3 O-O 6. Be3 Na6 7. Bd3 c5 8. Bxa6 cxd4 9. Bxd4 bxa6 10. O-O Qa5 11. e5 dxe5 12. Bxe5 Be6 13. Kh1 Rac8 14. Qd4 Rfd8 15. Qxa7 Rd7 16. Qg1 Rb7 17. Nd4 Bc4 18. Nb3 Qb4 19. a3 Qb6 20. Qxb6 Rxb6 21. Rf3 Bxb3 22. cxb3 Rxb3 23. Nd5 Rb7 24. Nxf6+ Bxf6 25. Bxf6 exf6 26. Rf2 Rb3 27. Kg1 Rcb8 28. Rc1 R8b7 1/2-1/2

[Event "Charlesbourg Capablanca"]
[Site "Charlesbourg CAN"]
[Date "2013.01.14"]
[Round "2"]
[White "Beaudoin, Stephane"]
[Black "Fecteau, Martin"]
[Result "0-1"]
[WhiteElo "2011"]
[BlackElo "1983"]
[PlyCount "154"]
[GameId "2160767909410944"]
[EventDate "2013.01.07"]
[EventType "swiss"]
[EventRounds "4"]
[EventCountry "CAN"]
[SourceTitle "EXT 2022"]
[Source "ChessBase"]
[SourceDate "2021.10.06"]
[SourceVersion "1"]
[SourceVersionDate "2021.10.06"]
[SourceQuality "1"]

1. e4 c5 2. Nf3 d6 3. d4 cxd4 4. Nxd4 Nf6 5. Nc3 a6 6. Bc4 e6 7. Bb3 Nc6 8. O-O Be7 9. Be3 O-O 10. f4 Qc7 11. Qf3 Nxd4 12. Bxd4 b5 13. Rae1 Bb7 14. a3 Rac8 15. Qg3 Rfe8 16. Kh1 Nh5 17. Qh3 g6 18. f5 d5 19. fxe6 f6 20. e5 f5 21. Qf3 Rcd8 22. Qf2 Qb8 23. Bb6 Rc8 24. Bd4 Qa8 25. Ne2 Rf8 26. h4 Rce8 27. Nf4 Nxf4 28. Qxf4 Qd8 29. g3 Bc8 30. Qe3 Bxe6 31. Rd1 Qa8 32. Kh2 Rd8 33. Qd2 Qc6 34. Rf3 Rd7 35. Rc3 Qb7 36. Rf3 Rc8 37. Rd3 Rcd8 38. Qg2 a5 39. c3 Qc6 40. Qf2 Rb8 41. Ba7 Rbb7 42. Be3 Rb8 43. Qd2 Rbd8 44. Bg5 Bxg5 45. Qxg5 Rf8 46. Rd4 Qc5 47. Qd2 Rfd8 48. Qf4 Kg7 49. Rg1 Qe7 50. Kg2 h5 51. Rgd1 Qf7 52. R1d2 Kh7 53. Qf1 Rb8 54. Qd3 Qg7 55. Qe2 Qf7 56. Bc2 Rdb7 57. Qe3 b4 58. cxb4 axb4 59. a4 b3 60. Bd1 Qc7 61. Bf3 Qc5 62. Qg5 Qe7 63. Qe3 Qc5 64. Qg5 Qe7 65. Qxe7+ Rxe7 66. Be2 Rc7 67. Kf2 Rc2 68. Ke3 Rbc8 69. a5 R8c5 70. a6 Ra5 71. Bd3 Rc1 72. Rb4 Rg1 73. Kf4 Kh6 74. Rxb3 Ra4+ 75. Kf3 d4 76. Kf2 Rh1 77. Kg2 Bd5+ 0-1

[Event "Charlesbourg Capablanca"]
[Site "Charlesbourg CAN"]
[Date "2013.01.14"]
[Round "2"]
[White "Garneau, Benoit"]
[Black "Tremblay-Alix, Eric"]
[Result "0-1"]
[WhiteElo "1961"]
[BlackElo "1875"]
[PlyCount "57"]
[GameId "2160767909410945"]
[EventDate "2013.01.07"]
[EventType "swiss"]
[EventRounds "4"]
[EventCountry "CAN"]
[SourceTitle "EXT 2022"]
[Source "ChessBase"]
[SourceDate "2021.10.06"]
[SourceVersion "1"]
[SourceVersionDate "2021.10.06"]
[SourceQuality "1"]

1. e4 e5 2. Nf3 Nf6 3. Nxe5 d6 4. Nf3 Nxe4 5. d4 d5 6. Bd3 Bd6 7. Nbd2 O-O 8. h3 Re8 9. O-O Bf5 10. Re1 Nd7 11. Nf1 c6 12. Bg5 Qb6 13. Ne3 Bg6 14. Bh4 Re6 15. c4 Bb4 16. c5 Qc7 17. Re2 Rae8 18. a3 Ba5 19. Bxe4 Bxe4 20. Ng5 Qd8 21. b4 Rg6 22. Nxe4 Qxh4 23. Ng3 Bc7 24. Nef5 Qd8 25. Qe1 Kf8 26. Nh5 Rxe2 27. Qxe2 Qg5 28. g4 Qxf5 29. Re1 0-1

[Event "Charlesbourg Capablanca"]
[Site "Charlesbourg CAN"]
[Date "2013.01.14"]
[Round "2"]
[White "Lessard, Claude"]
[Black "Dube, Daniel"]
[Result "1-0"]
[WhiteElo "2008"]
[BlackElo "1846"]
[PlyCount "153"]
[GameId "2160767909410946"]
[EventDate "2013.01.07"]
[EventType "swiss"]
[EventRounds "4"]
[EventCountry "CAN"]
[SourceTitle "EXT 2022"]
[Source "ChessBase"]
[SourceDate "2021.10.06"]
[SourceVersion "1"]
[SourceVersionDate "2021.10.06"]
[SourceQuality "1"]

1. d4 d5 2. Nf3 Nf6 3. c4 c6 4. Nc3 e6 5. g3 Nbd7 6. Bg2 Be7 7. O-O O-O 8. b3 b6 9. Bb2 Bb7 10. cxd5 exd5 11. Rc1 Bd6 12. Nh4 Re8 13. Qd3 a5 14. Rfe1 Ba6 15. Qb1 Bb4 16. a3 Bxc3 17. Rxc3 Rc8 18. Nf5 Nf8 19. Qc1 Qd7 20. Bh3 Ne6 21. f3 Kh8 22. Qd2 c5 23. Kg2 Bb7 24. Rec1 Qd8 25. dxc5 bxc5 26. R3c2 d4 27. Nh4 Bd5 28. Bxe6 Rxe6 29. Rxc5 Rxc5 30. Rxc5 Qe7 31. Rc8+ Ne8 32. Kf2 Bb7 33. Rc2 Ba6 34. Nf5 Qb7 35. Nxd4 Rh6 36. Kg2 Qd7 37. g4 Qd6 38. f4 Qd5+ 39. Nf3 Qxb3 40. Rc3 Qb5 41. Re3 Re6 42. Rxe6 fxe6 43. Kf2 h6 44. f5 exf5 45. Qxh6+ Kg8 46. Qe6+ Kh8 47. Ng5 fxg4 48. Bxg7+ Nxg7 49. Qh6+ Kg8 50. Qh7+ Kf8 51. Qh8+ Ke7 52. Qxg7+ Kd6 53. Qf6+ Kc7 54. Ne6+ Kb8 55. Qd8+ Kb7 56. Qc7+ Ka8 57. Qd8+ Ka7 58. Qd4+ Qb6 59. e3 Qxd4 60. Nxd4 Kb6 61. Ke1 Kc5 62. Kd2 Kd5 63. Ne2 Ke4 64. Ng3+ Kf3 65. e4 Kg2 66. Ke3 Kxh2 67. Kf4 Kh3 68. e5 Bc4 69. Ne4 Bd5 70. Nf2+ Kh4 71. Nxg4 a4 72. Ne3 Be6 73. Nf5+ Kh3 74. Nd4 Bd7 75. e6 Be8 76. Kf5 Kg2 77. Nc2 1-0

[Event "Charlesbourg Capablanca"]
[Site "Charlesbourg CAN"]
[Date "2013.01.14"]
[Round "2"]
[White "Robitaille, Serge"]
[Black "Glode, Martin"]
[Result "0-1"]
[WhiteElo "1558"]
[BlackElo "1878"]
[PlyCount "80"]
[GameId "2160767909410947"]
[EventDate "2013.01.07"]
[EventType "swiss"]
[EventRounds "4"]
[EventCountry "CAN"]
[SourceTitle "EXT 2022"]
[Source "ChessBase"]
[SourceDate "2021.10.06"]
[SourceVersion "1"]
[SourceVersionDate "2021.10.06"]
[SourceQuality "1"]

1. e4 Nf6 2. Nc3 d5 3. e5 Nfd7 4. d4 c5 5. dxc5 e6 6. Nf3 Bxc5 7. Bd3 Nc6 8. Qe2 Nb4 9. O-O Nxd3 10. cxd3 Be7 11. Bf4 a6 12. d4 Nb6 13. Rfc1 Bd7 14. Rc2 Rc8 15. Rac1 O-O 16. Nb1 Bc6 17. b3 Qd7 18. Qd2 Bb5 19. Rxc8 Rxc8 20. Rxc8+ Qxc8 21. Qc3 Bd8 22. Qc5 Bc6 23. Bg5 Nd7 24. Qc2 h6 25. Bxd8 Qxd8 26. Nbd2 Qe7 27. h3 Qb4 28. Kh2 a5 29. Nb1 a4 30. bxa4 Bxa4 31. Qc8+ Kh7 32. Nc3 Bc6 33. Nd1 Qb1 34. Ne3 Qxa2 35. Ng4 Qa4 36. Qc7 Qc2 37. Nf6+ gxf6 38. exf6 Qg6 39. Ne5 Nxe5 40. Qxe5 Qg5 0-1

[Event "Charlesbourg Capablanca"]
[Site "Charlesbourg CAN"]
[Date "2013.01.21"]
[Round "3"]
[White "Boissinot, Claude"]
[Black "Beaudoin, Stephane"]
[Result "0-1"]
[WhiteElo "1490"]
[BlackElo "2011"]
[PlyCount "58"]
[GameId "2160767909410948"]
[EventDate "2013.01.07"]
[EventType "swiss"]
[EventRounds "4"]
[EventCountry "CAN"]
[SourceTitle "EXT 2022"]
[Source "ChessBase"]
[SourceDate "2021.10.06"]
[SourceVersion "1"]
[SourceVersionDate "2021.10.06"]
[SourceQuality "1"]

1. e4 g6 2. d4 Bg7 3. f4 d6 4. Nf3 Nf6 5. Bd3 c5 6. dxc5 Qa5+ 7. Nc3 Qxc5 8. Bd2 O-O 9. Qe2 Nc6 10. Be3 Qb4 11. Bd2 Qb6 12. Be3 Qxb2 13. O-O Qxc3 14. Rab1 Qa5 15. c4 Qc7 16. h3 Nh5 17. Kh2 e5 18. f5 Nd4 19. Nxd4 exd4 20. Bd2 d5+ 21. Kg1 dxc4 22. Bxc4 Ng3 23. Qd3 Nxf1 24. Rxf1 b5 25. Bd5 Bb7 26. fxg6 hxg6 27. Bb4 Bxd5 28. Bxf8 Bc4 29. Qf3 Rxf8 0-1

[Event "Charlesbourg Capablanca"]
[Site "Charlesbourg CAN"]
[Date "2013.01.21"]
[Round "3"]
[White "Lamontagne, Danny"]
[Black "Pouliot, Andre"]
[Result "1-0"]
[WhiteElo "1905"]
[BlackElo "1228"]
[PlyCount "51"]
[GameId "2160767909410950"]
[EventDate "2013.01.07"]
[EventType "swiss"]
[EventRounds "4"]
[EventCountry "CAN"]
[SourceTitle "EXT 2022"]
[Source "ChessBase"]
[SourceDate "2021.10.06"]
[SourceVersion "1"]
[SourceVersionDate "2021.10.06"]
[SourceQuality "1"]

1. e4 e6 2. d4 d5 3. Nc3 dxe4 4. Nxe4 Nd7 5. Nf3 Ngf6 6. Bg5 Be7 7. Nxf6+ Nxf6 8. Bd3 O-O 9. c3 Re8 10. Ne5 Rf8 11. O-O h6 12. Bxf6 Bxf6 13. Re1 c6 14. Qh5 Bxe5 15. Qxe5 b5 16. Re3 Bb7 17. Rg3 g5 18. Qe4 f5 19. Qxe6+ Kg7 20. Bxf5 Rf6 21. Qd7+ Qxd7 22. Bxd7 Raf8 23. Rf1 Rf4 24. Re3 Bc8 25. Bxc6 Ba6 26. Re7+ 1-0

[Event "Charlesbourg Capablanca"]
[Site "Charlesbourg CAN"]
[Date "2013.01.21"]
[Round "3"]
[White "Tremblay-Alix, Eric"]
[Black "Arteau, Benoit"]
[Result "1-0"]
[WhiteElo "1811"]
[BlackElo "1874"]
[PlyCount "55"]
[GameId "2160767909410951"]
[EventDate "2013.01.07"]
[EventType "swiss"]
[EventRounds "4"]
[EventCountry "CAN"]
[SourceTitle "EXT 2022"]
[Source "ChessBase"]
[SourceDate "2021.10.06"]
[SourceVersion "1"]
[SourceVersionDate "2021.10.06"]
[SourceQuality "1"]

1. c4 e5 2. Nc3 Nc6 3. g3 Nf6 4. Bg2 Bb4 5. Nf3 O-O 6. O-O Re8 7. d3 d5 8. cxd5 Nxd5 9. Nxd5 Qxd5 10. a3 Bf8 11. Bd2 Be6 12. Bc3 Qd6 13. Ng5 Bd5 14. e4 Be6 15. f4 Rad8 16. f5 Bc8 17. Qh5 h6 18. Qxf7+ Kh8 19. Qh5 Kg8 20. f6 gxf6 21. Qg6+ Bg7 22. Nf7 Qc5+ 23. Kh1 Ne7 24. Nxh6+ Kh8 25. Qh5 Bxh6 26. Qxh6+ Kg8 27. Rxf6 Rd6 28. Raf1 1-0

[Event "Charlesbourg Festival"]
[Site "Charlesbourg CAN"]
[Date "2013.06.03"]
[Round "1"]
[White "Beaudoin, Stephane"]
[Black "Rouleau, Claude"]
[Result "1-0"]
[WhiteElo "2015"]
[BlackElo "1730"]
[PlyCount "33"]
[GameId "2160767909347747"]
[EventDate "2013.06.03"]
[EventType "swiss"]
[EventRounds "5"]
[EventCountry "CAN"]
[SourceTitle "EXT 2022"]
[Source "ChessBase"]
[SourceDate "2021.10.06"]
[SourceVersion "1"]
[SourceVersionDate "2021.10.06"]
[SourceQuality "1"]

1. e4 c5 2. Nf3 d6 3. d4 cxd4 4. Nxd4 g6 5. Bc4 Bg7 6. O-O Nf6 7. Nc3 O-O 8. Bg5 Nxe4 9. Nxe4 d5 10. Nb5 a6 11. Nbc3 dxc4 12. Qxd8 Rxd8 13. Bxe7 Re8 14. Nd5 Nc6 15. Nef6+ Bxf6 16. Nxf6+ Kg7 17. Nxe8+ 1-0

[Event "Charlesbourg Festival"]
[Site "Charlesbourg CAN"]
[Date "2013.06.03"]
[Round "1"]
[White "Pouliot, Lewis"]
[Black "Tremblay-Alix, Eric"]
[Result "0-1"]
[WhiteElo "1522"]
[BlackElo "1890"]
[PlyCount "52"]
[GameId "2160767738303343"]
[EventDate "2013.06.03"]
[EventType "swiss"]
[EventRounds "5"]
[EventCountry "CAN"]

1. c4 b6 2. Nf3 Nf6 3. d4 Bb7 {[%emt 0:00:00]} 4. Nc3 e6 5. Bg5 Be7 6. e3 d5 7. Bxf6 Bxf6 8. cxd5 exd5 9. Be2 O-O 10. O-O c5 11. Rc1 Nd7 12. Bd3 Re8 13. Bb1 cxd4 14. exd4 Nf8 15. a3 Ne6 16. Ba2 Rc8 17. Re1 Rc7 18. Ne2 Rce7 19. Qd3 Qd6 20. Bb1 g6 21. g3 Nc7 22. h4 Ba6 23. Qc3 Bxe2 24. Rxe2 Rxe2 25. Qxc7 Re1+ 26. Kg2 Qxc7 0-1

[Event "Charlesbourg Festival"]
[Site "Charlesbourg CAN"]
[Date "2013.06.10"]
[Round "2"]
[White "Fecteau, Martin"]
[Black "Beaudoin, Stephane"]
[Result "0-1"]
[WhiteElo "1882"]
[BlackElo "2015"]
[PlyCount "62"]
[GameId "2160767909347748"]
[EventDate "2013.06.03"]
[EventType "swiss"]
[EventRounds "5"]
[EventCountry "CAN"]
[SourceTitle "EXT 2022"]
[Source "ChessBase"]
[SourceDate "2021.10.06"]
[SourceVersion "1"]
[SourceVersionDate "2021.10.06"]
[SourceQuality "1"]

1. Nf3 Nf6 2. c4 g6 3. Nc3 Bg7 4. e4 d6 5. d3 c5 6. Be2 O-O 7. O-O Nc6 8. h3 e6 9. d4 Nxd4 10. Nxd4 cxd4 11. Qxd4 Nd5 12. Qd3 Nxc3 13. bxc3 Qa5 14. Bd2 b6 15. Qxd6 Ba6 16. Qf4 Rac8 17. Rfc1 Bxc4 18. Bxc4 Rxc4 19. Qe3 Rfc8 20. Qd3 Qe5 21. Re1 Qc7 22. Rad1 Bxc3 23. Bxc3 Rxc3 24. Qb5 Rc2 25. Rd7 Qf4 26. Qf1 Rxa2 27. g3 Qe5 28. Qd3 Rc3 29. Rd8+ Kg7 30. Qd7 Rxg3+ 31. Kf1 Rxh3 0-1

[Event "Charlesbourg Festival"]
[Site "Charlesbourg CAN"]
[Date "2013.06.10"]
[Round "2"]
[White "Plante, Rejean"]
[Black "Glode, Martin"]
[Result "0-1"]
[WhiteElo "2010"]
[BlackElo "1798"]
[PlyCount "42"]
[GameId "2160767909347749"]
[EventDate "2013.06.03"]
[EventType "swiss"]
[EventRounds "5"]
[EventCountry "CAN"]
[SourceTitle "EXT 2022"]
[Source "ChessBase"]
[SourceDate "2021.10.06"]
[SourceVersion "1"]
[SourceVersionDate "2021.10.06"]
[SourceQuality "1"]

1. d4 d5 2. Nf3 Nf6 3. c4 c5 4. cxd5 cxd4 5. Qxd4 Qxd5 6. Nc3 Qxd4 7. Nxd4 a6 8. e4 e5 9. Nf3 Bb4 10. Bd3 Nc6 11. O-O O-O 12. Bg5 Bg4 13. Rac1 Rac8 14. Bxf6 Bxc3 15. Rxc3 gxf6 16. Bb1 Ne7 17. Rb3 b5 18. Nxe5 Be2 19. Ng4 Bxf1 20. Nxf6+ Kg7 21. Nh5+ Kh8 0-1

[Event "Charlesbourg Festival"]
[Site "Charlesbourg CAN"]
[Date "2013.06.10"]
[Round "2"]
[White "Rouleau, Claude"]
[Black "Dube, Daniel"]
[Result "1-0"]
[WhiteElo "1729"]
[BlackElo "1887"]
[PlyCount "131"]
[GameId "2160767909347750"]
[EventDate "2013.06.03"]
[EventType "swiss"]
[EventRounds "5"]
[EventCountry "CAN"]
[SourceTitle "EXT 2022"]
[Source "ChessBase"]
[SourceDate "2021.10.06"]
[SourceVersion "1"]
[SourceVersionDate "2021.10.06"]
[SourceQuality "1"]

1. e4 b6 2. d4 Bb7 3. Nc3 e6 4. Bc4 Nf6 5. f3 d5 6. exd5 exd5 7. Bd3 Be7 8. Nge2 a6 9. O-O O-O 10. b3 c5 11. Ba3 cxd4 12. Bxe7 Qxe7 13. Nxd4 Qb4 14. Nce2 Nc6 15. Kh1 Nxd4 16. Nxd4 Kh8 17. Ne2 d4 18. a3 Qd6 19. Qd2 Rad8 20. Ng3 Nd5 21. Ne4 Qf4 22. Qxf4 Nxf4 23. Rac1 Nd5 24. Kg1 h6 25. Rfe1 Rfe8 26. Ng3 Ne3 27. Nf5 Re5 28. Nxe3 dxe3 29. f4 Re7 30. Re2 g5 31. f5 g4 32. Rce1 Rde8 33. Rf1 b5 34. Rf4 h5 35. Rd4 f6 36. Rd6 Kg7 37. c4 Re5 38. Rd7+ R8e7 39. Rxe7+ Rxe7 40. cxb5 axb5 41. Bxb5 Bd5 42. Rb2 Rc7 43. Kf1 Rc3 44. Ke2 Bxg2 45. Bd3 Bf3+ 46. Kxe3 Bd5 47. b4 Rxa3 48. Kd4 Kh6 49. Be4 Bxe4 50. Kxe4 Ra4 51. Kf4 Ra3 52. b5 Rf3+ 53. Ke4 Kg5 54. b6 Rxf5 55. b7 Re5+ 56. Kd4 Re8 57. b8=Q Rxb8 58. Rxb8 h4 59. Ke4 f5+ 60. Ke5 g3 61. Rg8+ Kh5 62. Kxf5 Kh6 63. h3 Kh7 64. Rg6 Kh8 65. Kf6 Kh7 66. Kf7 1-0

[Event "Charlesbourg Festival"]
[Site "Charlesbourg CAN"]
[Date "2013.06.17"]
[Round "3"]
[White "Beaudoin, Stephane"]
[Black "Glode, Martin"]
[Result "1-0"]
[WhiteElo "2015"]
[BlackElo "1798"]
[PlyCount "49"]
[GameId "2160767909347751"]
[EventDate "2013.06.03"]
[EventType "swiss"]
[EventRounds "5"]
[EventCountry "CAN"]
[SourceTitle "EXT 2022"]
[Source "ChessBase"]
[SourceDate "2021.10.06"]
[SourceVersion "1"]
[SourceVersionDate "2021.10.06"]
[SourceQuality "1"]

1. e4 e6 2. d4 d5 3. e5 c5 4. c3 Qb6 5. Nf3 Bd7 6. Bd3 Bb5 7. O-O Bxd3 8. Qxd3 Qa6 9. Qc2 cxd4 10. cxd4 Nc6 11. Nc3 Nge7 12. Be3 Nf5 13. Nxd5 Nxe3 14. Nxe3 Be7 15. a3 O-O 16. d5 exd5 17. Nxd5 Rac8 18. Qe4 Rfe8 19. Rad1 Bd6 20. Nf6+ gxf6 21. Qg4+ Kh8 22. exd6 Rcd8 23. Qf4 Re6 24. Rfe1 Kg7 25. Qg4+ 1-0

[Event "Charlesbourg Festival"]
[Site "Charlesbourg CAN"]
[Date "2013.06.17"]
[Round "3"]
[White "Lapointe, Daniel"]
[Black "Fecteau, Martin"]
[Result "0-1"]
[WhiteElo "1637"]
[BlackElo "1882"]
[PlyCount "79"]
[GameId "2160767909347752"]
[EventDate "2013.06.03"]
[EventType "swiss"]
[EventRounds "5"]
[EventCountry "CAN"]
[SourceTitle "EXT 2022"]
[Source "ChessBase"]
[SourceDate "2021.10.06"]
[SourceVersion "1"]
[SourceVersionDate "2021.10.06"]
[SourceQuality "1"]

1. e4 c5 2. Nf3 d6 3. d4 cxd4 4. Nxd4 Nf6 5. Nc3 a6 6. Be2 e5 7. Nb3 Be6 8. Be3 Nbd7 9. f3 h5 10. Qd2 Rc8 11. O-O-O b5 12. Kb1 Be7 13. Bd3 Nb6 14. Qf2 Nc4 15. Rhf1 Qc7 16. Bc1 O-O 17. h3 b4 18. Ne2 a5 19. Nd2 d5 20. exd5 Nxd2+ 21. Bxd2 Nxd5 22. g4 a4 23. f4 b3 24. cxb3 axb3 25. Rc1 bxa2+ 26. Ka1 Qb7 27. Be4 Qb5 28. f5 Rb8 29. Bc3 Bd7 30. Bxe5 Bf6 31. Nd4 Qb6 32. Bxf6 Nxf6 33. Bf3 hxg4 34. hxg4 Rfe8 35. Rh1 Re3 36. Qh2 Kf8 37. g5 Ng8 38. Bc6 Rh3 39. Qd6+ Ne7 40. Bb5 0-1

[Event "Charlesbourg Festival"]
[Site "Charlesbourg CAN"]
[Date "2013.06.17"]
[Round "3"]
[White "Lessard, Claude"]
[Black "Garneau, Benoit"]
[Result "1-0"]
[WhiteElo "2115"]
[BlackElo "1880"]
[PlyCount "41"]
[GameId "2160767909347753"]
[EventDate "2013.06.03"]
[EventType "swiss"]
[EventRounds "5"]
[EventCountry "CAN"]
[SourceTitle "EXT 2022"]
[Source "ChessBase"]
[SourceDate "2021.10.06"]
[SourceVersion "1"]
[SourceVersionDate "2021.10.06"]
[SourceQuality "1"]

1. e4 e6 2. b3 d5 3. Bb2 Nf6 4. e5 Nfd7 5. Nf3 c5 6. c4 d4 7. Bd3 Nc6 8. O-O Ndxe5 9. Nxe5 Nxe5 10. Be4 Qh4 11. f4 Be7 12. g3 Qg4 13. Qe1 Ng6 14. d3 h5 15. Bf3 Qf5 16. Qe2 Rb8 17. Nd2 Bd7 18. b4 b6 19. b5 h4 20. Bg4 Qf6 21. Ne4 1-0

[Event "Charlesbourg Festival"]
[Site "Charlesbourg CAN"]
[Date "2013.06.17"]
[Round "3"]
[White "Poliquin, Yvone"]
[Black "Cournoyer, Dominic"]
[Result "0-1"]
[WhiteElo "2025"]
[BlackElo "1990"]
[PlyCount "78"]
[GameId "2160767909347754"]
[EventDate "2013.06.03"]
[EventType "swiss"]
[EventRounds "5"]
[EventCountry "CAN"]
[SourceTitle "EXT 2022"]
[Source "ChessBase"]
[SourceDate "2021.10.06"]
[SourceVersion "1"]
[SourceVersionDate "2021.10.06"]
[SourceQuality "1"]

1. e4 d5 2. exd5 Nf6 3. d4 Nxd5 4. Nf3 Bg4 5. Be2 e6 6. c4 Bb4+ 7. Kf1 Nb6 8. c5 Nd5 9. a3 Ba5 10. b4 Bxb4 11. axb4 Nxb4 12. Qa4+ N8c6 13. Bd2 Nd5 14. Ne5 Bxe2+ 15. Kxe2 O-O 16. Nxc6 bxc6 17. Na3 Qh4 18. Rhb1 Qxh2 19. Qc2 Qh5+ 20. f3 Qh2 21. Rg1 e5 22. Kd3 exd4 23. Kc4 f5 24. Qa4 Qe5 25. Rae1 Ne3+ 26. Kd3 Qxc5 27. Rc1 Qe5 28. Qxc6 Rab8 29. Nc4 Qe7 30. Bxe3 dxe3 31. Ke2 Qh4 32. Rgf1 f4 33. Qe6+ Kh8 34. Rc2 Rbe8 35. Qd5 Qg3 36. Ne5 Qxg2+ 37. Kd3 Qxf1+ 38. Kc3 Qa1+ 39. Kd3 Qxe5 0-1

[Event "Charlesbourg Festival"]
[Site "Charlesbourg CAN"]
[Date "2013.06.17"]
[Round "3"]
[White "Robitaille, Serge"]
[Black "Tremblay-Alix, Eric"]
[Result "0-1"]
[WhiteElo "1660"]
[BlackElo "1890"]
[PlyCount "30"]
[GameId "2160767909347755"]
[EventDate "2013.06.03"]
[EventType "swiss"]
[EventRounds "5"]
[EventCountry "CAN"]
[SourceTitle "EXT 2022"]
[Source "ChessBase"]
[SourceDate "2021.10.06"]
[SourceVersion "1"]
[SourceVersionDate "2021.10.06"]
[SourceQuality "1"]

1. e4 e5 2. Nc3 Nf6 3. f4 d6 4. Nf3 Nc6 5. d4 exf4 6. Bxf4 Nh5 7. Bg5 Be7 8. Bxe7 Qxe7 9. Be2 O-O 10. O-O Nf4 11. Bc4 Na5 12. Nd5 Nxd5 13. Bxd5 c6 14. Bb3 Qxe4 15. Ng5 Qe3+ 0-1